Matematické metódy riadenia pri neúplnej informácii úlohy a metódy stochastického programovania

Guardado en:
Detalles Bibliográficos
Autor principal: Judin, David Berkovič
Formato: Libro
Lenguaje:eslovaco
Publicado: Bratislava Alfa 1981
Colección:Edícia ekonomickej literatúry
Etiquetas: Agregar Etiqueta
Sin Etiquetas, Sea el primero en etiquetar este registro!

MARC

LEADER 00000nam a2200000 4500
001 c140271
005 20250626103809.0
041 0 |a slo 
044 |a SK 
245 1 0 |a Matematické metódy riadenia pri neúplnej informácii  |b úlohy a metódy stochastického programovania  |c David Berkovič Judin 
264 1 |a Bratislava  |b Alfa  |c 1981 
300 |a 564 s. 
490 1 |a Edícia ekonomickej literatúry 
830 0 |a Edícia ekonomickej literatúry 
100 1 |a Judin, David Berkovič